000 00570nam a2200181 a 4500
001 000034257
005 20200930070918.0
008 110929s1990 es 000 0 spa d
020 _a847737029x
040 _aDO-SdBNP
_bspa
_cBNPHU
100 1 _aValdivieso, Enrique
_928603
245 1 0 _aMurillo :
_bsobra de la tierra, luces del cielo /
_cEnrique Valdivieso.
260 _aEspaña :
_bConsejeria de Cultura de Andalucia
_bSilex,
_c1990.
300 _a277 p. :
_bil. ;
_c24 cm.
500 _aTexto en dos columna
504 _aBibliografía : p.261 -273
049 _aBNPD
999 _c33748
_d33748